Χρηματοοικονομική ανάλυση λογιστικών καταστάσεων

Αποθηκεύτηκε σε:
Λεπτομέρειες βιβλιογραφικής εγγραφής
Κύριος συγγραφέας: Νιάρχος, Νικήτας Α.
Μορφή: Βιβλίο
Γλώσσα:Greek
Δημοσίευση: Αθήνα-Πειραιάς : Σταμούλης, 1994
Έκδοση:4η έκδ.
Θέματα:
Ετικέτες: Προσθήκη ετικέτας
Δεν υπάρχουν, Καταχωρήστε ετικέτα πρώτοι!

MARC

LEADER 00000nam a2200000 i 4500
001 1/57402
008 960520s1994 gre d
020 |a 960-7306-99-6 
035 |l 10028185 
040 |a GR-MY-UA  |b gre  |e aacr 
041 0 |a gre 
100 1 |a Νιάρχος, Νικήτας Α. 
245 1 0 |a Χρηματοοικονομική ανάλυση λογιστικών καταστάσεων /  |c Νικήτα Α. Νιάρχου 
250 |a 4η έκδ. 
260 |a Αθήνα-Πειραιάς :   |b Σταμούλης,   |c 1994 
300 |a 382 σ. 
504 |a Περιλαμβάνει βιβλιογραφία 
650 0 0 |a Finance. 
650 0 0 |a Business enterprises  |x Finance. 
650 0 0 |a Ratio and proportion. 
852 |a INST  |b CHIOS  |e 19960520  |h 658.15 ΝΙΑ  |p 005200008296  |q 005200008296  |t BK  |y 0 
852 |a INST  |b CHIOS  |e 19960520  |h 658.15 ΝΙΑ  |p 005200008297  |q 005200008297  |t BK  |y 4  |x 20160705 
852 |a INST  |b CHIOS  |e 20000223  |h 658.15 ΝΙΑ  |p 005200018526  |q 005200018526  |t BK  |y 0 
909 |a Χ  |b 045574 
909 |a Χ  |b 045573 
909 |a Χ  |b 074571 
920 |a ΤΜΗΜΑ ΝΑΥΤΙΛΙΑΣ ΚΑΙ ΕΠΙΧΕΙΡΗΜΑΤΙΚΩΝ ΥΠΗΡΕΣΙΩΝ  |y ΧΙΟΣ  |z 2000-02 
922 |a 2ΕΛΗ  |b 199712  |c ΒΑΡΒΑΚΗΣ  |d EMVASIS